Ville française par festival - Statistiques

Statistiques générales
  • Ce quiz a été pris 898 fois
  • Le résultat moyen est 7 sur 17
Statistiques - réponses
Festival Ville % Correct
Fête des Lumières Lyon
89%
Festival international de la Bande Dessinée Angoulême
79%
Francofolies La Rochelle
76%
Foire aux vins d'Alsace Colmar
59%
Grand Prix moto de France Le Mans
59%
Festival du Cinéma Américain Deauville
58%
Eurockéennes Belfort
50%
Vendée Globe Les Sables-d'Olonne
50%
Festival international des jeux Cannes
45%
Festival des Vieilles Charrues Carhaix-Plouguer
36%
Festival international du Film d'Animation Annecy
35%
Main Square Arras
26%
Festival international du Court Métrage Clermont-Ferrand
19%
Festival international de Théâtre de Rue Aurillac
18%
Biennale internationale du design Saint-Etienne
18%
Musilac Aix-les-Bains
17%
Fête de la Saint-Louis Sète
6%
Aucun quiz correspondant
Distribution des résultats
% des personnes avec chaque résultat
Percentile par nombre de réponses
Votre historique - résultats
Vous n’avez pas pris ce quiz